Hydrological and Limnological Aspects of Lake Monitoring / (Record no. 615723)
[ view plain ]
| 000 -LEADER | |
|---|---|
| fixed length control field | 00386nam a22001337a 4500 |
| 020 ## - INTERNATIONAL STANDARD BOOK NUMBER | |
| Qualifying information | HB. |
| 040 ## - CATALOGING SOURCE | |
| Transcribing agency | FIZZA ISHAQ |
| 082 ## - DEWEY DECIMAL CLASSIFICATION NUMBER | |
| Classification number | 628.1 |
| Author Mark | HEI |
| 100 ## - MAIN ENTRY--PERSONAL NAME | |
| Personal name | Heinonen, Pertti. |
| 9 (RLIN) | 6308 |
| 245 ## - TITLE STATEMENT | |
| Title | Hydrological and Limnological Aspects of Lake Monitoring / |
| Statement of responsibility, etc. | Pertti Heinonen. |
| 260 ## - PUBLICATION, DISTRIBUTION, ETC. | |
| Place of publication, distribution, etc. | NEW YORK: |
| Name of publisher, distributor, etc. | Wiley, |
| Date of publication, distribution, etc. | 2000. |
| 300 ## - PHYSICAL DESCRIPTION | |
| Extent | 372 p. ; |
| Dimensions | 6.24 x 1.1 x 9.23 inches |
| 942 ## - ADDED ENTRY ELEMENTS (KOHA) | |
| Source of classification or shelving scheme | |
| Koha item type | Book |
| Withdrawn status | Lost status | Source of classification or shelving scheme | Damaged status | Not for loan | Permanent Location | Current Location | Date acquired | Total Checkouts | Full call number | Barcode | Date last seen | Price effective from | Koha item type |
|---|---|---|---|---|---|---|---|---|---|---|---|---|---|
| NUST Baluchistan Campus (NBC) | NUST Baluchistan Campus (NBC) | 12/30/2025 | 628.1 HEI | Q-2136 | 12/30/2025 | 12/30/2025 | Book |
